| 000 | 00486nam a2200181Ia 4500 | ||
|---|---|---|---|
| 999 |
_c36429 _d36429 |
||
| 001 | 2343 | ||
| 003 | GE_BSU | ||
| 005 | 20221025113123.0 | ||
| 008 | 181216s2004az xx |||||||||||||| ||aze|| | ||
| 040 | _cGE_BSU | ||
| 041 | _aaze | ||
| 080 | _a327G-94 | ||
| 245 | _aGÜMRU MOSKVA va QARS MÜQAVİLƏLƏRİ (Azarbaycan, türk,rus va fransiz dillarinda). Naxçivan Muxtar Respublikasi-80 | ||
| 260 | _aNaxçivan | ||
| 260 | _c2009 | ||
| 300 |
_a138 с .: _b илл. |
||
| 942 |
_cBK _2udc |
||